Obras completas de Gabino Barreda : la filosofía positivista en México /

Kaydedildi:
Detaylı Bibliyografya
Yazar: Barreda, Gabino (autor)
Diğer Yazarlar: Escobar, Edmundo (selección e introducción) (selección e introducción)
Materyal Türü: Kitap
Dil:İspanyolca
Baskı/Yayın Bilgisi: México : UNAM, Escuela Nacional Preparatoria, 1984, c1984
Seri Bilgileri:(Ensayos y Estudios ; 62)
Konular:
Etiketler: Etiketle
Etiket eklenmemiş, İlk siz ekleyin!

MARC

LEADER 00000nam^a2200000^a^4500
001 000263125
005 20250521000000.0
009 20260310110606.13
025 |a Donación Jesús Vergara Aceves, 1 ejemplar 
037 |a Acervo Xavier Clavigero 
041 |a ESP 
082 |a 370. 97205  |b BAR V. 2 
100 |a Barreda, Gabino  |e (autor) 
240 1 1 |a [Obras completas de Gabino Barreda] 
245 1 0 |a Obras completas de Gabino Barreda :  |b la filosofía positivista en México /  |c G. Barreda ; selec. e introd. de E. Escobar. 
264 4 |a México :  |b UNAM, Escuela Nacional Preparatoria,  |c 1984, c1984 
336 |a texto  |b txt  |2 rdacontenido 
337 |a sin mediación  |b n  |2 rdamedio 
338 |a volumen  |b nc  |2 rdasoporte 
440 1 |a (Ensayos y Estudios ;  |v 62) 
649 |a XX 
650 |a Positivismo -  |z México -  |x Historia -  |x Tema Principal 
650 |a Etica 
650 |a Lógica 
650 |a Patología 
650 |a Medicina 
650 |a Ciencias Naturales 
650 |a Educación -  |z México -  |x Historia -  |y Siglo XIX 
650 |a Filosofía del Siglo XIX -  |z México 
700 |a Escobar, Edmundo  |e (selección e introducción) 
910 |a Fondo Jesús Vergara Aceves S.J. 
920 |a Impresos - Libros 
930 |a Fondos Especiales 
905 |a 119 
901 |a 0500144385  |b IT2  |c ESP  |i D  |u 20250521 
902 |a https://opac.biblio.iteso.mx/vufind/Record/000263125